MARC

LEADER 00000nam0a2200000 4500
001 354951
005 20231102010738.0
035 |a (RuTPU)RU\TPU\retro\12210 
090 |a 354951 
100 |a 20200629d1978 m y0rusy50 ca 
101 0 |a rus 
102 |a RU 
105 |a a j 001zy 
200 1 |a Регулирование расхода и давления жидкости в гидросистемах  |e учебное пособие для вузов  |f Р. П. Ашихмин, В. В. Бердников  |g Казанский авиационный институт им. А. Н. Туполева 
210 |a Казань  |c Изд-во КАИ  |d 1978 
215 |a 53 с.  |c ил. 
320 |a Библиогр.: с. 52-53 
606 1 |a Гидравлические системы  |x Рабочие тела  |2 stltpush  |3 (RuTPU)RU\TPU\subj\6516  |9 34389 
610 1 |a жидкости 
610 1 |a расход 
610 1 |a давление 
610 1 |a регулирование 
610 1 |a учебные пособия 
610 1 |a регуляторы давления 
610 1 |a гидроклапаны 
610 1 |a регуляторы потока 
610 1 |a автомобильный транспорт 
675 |a 621.22(075.8)  |v 4 
700 1 |a Ашихмин  |b Р. П.  |g Рудольф Петрович 
701 1 |a Бердников  |b В. В.  |g Владимир Владимирович 
712 0 2 |a Казанский авиационный институт им. А. Н. Туполева  |c (1932-1992)  |2 stltpush  |3 (RuTPU)RU\TPU\col\10046  |9 24786 
801 1 |a RU  |b 63413507  |c 20200629 
801 2 |a RU  |b 63413507  |c 20201228  |g RCR 
942 |c BK